[Event "Kölner SK Dr. Lasker 1 - Elberfelder S"]
[Site "NRW-Liga - Gruppe 1 2021/2022"]
[Date "2021.11.28"]
[Round "2.1"]
[White "Odendahl, Reiner"]
[Black "Paris, Michael"]
[Result "1-0"]
[WhiteElo "2279"]
[BlackElo "2214"]
[Annotator "daniel"]
[PlyCount "79"]
[EventDate "2021.??.??"]
[SourceVersionDate "2020.03.16"]
[WhiteTeam "Elberfelder SG 1"]
[BlackTeam "Kölner SK Dr. Lasker 1"]

1. Nf3 d5 2. c4 e6 3. g3 Nf6 4. Bg2 Be7 5. d4 O-O 6. Qc2 dxc4 7. Qxc4 Nbd7 8.
O-O c5 9. Qc2 a6 10. Nc3 cxd4 11. Nxd4 Bc5 12. Rd1 Qe7 13. b3 Rd8 14. Bb2 Nf8
15. Na4 Ba7 16. e3 Rb8 17. Rac1 e5 18. Nf5 Bxf5 $11 19. Qxf5 b5 20. Nc3 g6 21.
Qg5 h6 22. Qxh6 Ng4 23. Qh3 Qg5 24. Ne4 Nxf2 25. Nxg5 Nxh3+ 26. Nxh3 Bxe3+ 27.
Nf2 Bxc1 28. Rxc1 f6 29. Ne4 Rb6 30. Rf1 Nh7 31. g4 Re8 32. Rd1 Nf8 33. g5 Nh7
34. Rd7 Nf8 35. Rb7 Rxb7 36. Nxf6+ Kf7 37. Bxb7 Re7 38. Bd5+ Kg7 39. Ba3 Rc7
40. Ne8+ 1-0

[Event "Kölner SK Dr. Lasker 1 - Elberfelder S"]
[Site "NRW-Liga - Gruppe 1 2021/2022"]
[Date "2021.11.28"]
[Round "2.2"]
[White "Lindam, Ingo"]
[Black "Hintze, Helge"]
[Result "1/2-1/2"]
[WhiteElo "2146"]
[BlackElo "2259"]
[PlyCount "78"]
[EventDate "2021.??.??"]
[SourceVersionDate "2020.03.16"]
[WhiteTeam "Kölner SK Dr. Lasker 1"]
[BlackTeam "Elberfelder SG 1"]

1. d4 Nf6 2. Bg5 e6 3. Nd2 h6 4. Bh4 d5 5. e3 Be7 6. Bd3 Nbd7 7. Ngf3 c5 8. c3
b6 9. Bg3 Bb7 10. Ne5 O-O 11. Qf3 a6 12. O-O Nxe5 13. Bxe5 Bd6 14. Qg3 Ne8 15.
f4 f5 16. Nf3 Bxe5 17. Nxe5 Nd6 18. Qh3 Bc8 19. Rad1 c4 20. Bc2 Kh7 21. g4 g6
22. Rd2 Qe8 23. Rg2 Rg8 24. Kh1 Nf7 25. Rfg1 Nxe5 26. fxe5 Qf7 27. gxf5 exf5
28. Qh4 Be6 29. Rg3 Ra7 30. Rh3 Qf8 31. Qf4 Rf7 32. Rgg3 Qg7 33. Rg5 Rh8 34.
Rg1 Rg8 35. Rg5 Rh8 36. Rg1 Qf8 37. Qh4 Rg8 38. Qf4 Qg7 39. Rg5 Rh8 1/2-1/2

[Event "Kölner SK Dr. Lasker 1 - Elberfelder S"]
[Site "NRW-Liga - Gruppe 1 2021/2022"]
[Date "2021.11.28"]
[Round "2.3"]
[White "Dresen, Ulrich"]
[Black "Nagel, Bernhard"]
[Result "1/2-1/2"]
[WhiteElo "2175"]
[BlackElo "2141"]
[Annotator "daniel"]
[PlyCount "133"]
[EventDate "2021.??.??"]
[SourceVersionDate "2020.03.16"]
[WhiteTeam "Elberfelder SG 1"]
[BlackTeam "Kölner SK Dr. Lasker 1"]

1. d4 d5 2. Nf3 Nf6 3. c4 e6 4. Nc3 a6 5. cxd5 exd5 6. Bg5 Be6 7. e3 Nbd7 8.
Be2 Bd6 9. O-O c6 10. Bh4 Qc7 11. Bg3 O-O 12. Rc1 Bxg3 13. hxg3 Qd6 14. Nh2 Ne4
15. Nxe4 dxe4 16. Bc4 Bxc4 17. Rxc4 Nb6 18. Rc5 Nd5 19. Qb3 Qd7 20. Rfc1 Rfe8
21. Nf1 Re7 22. Nd2 Rae8 23. a3 $11 h6 24. Nb1 Rd8 25. Nc3 Nf6 26. Na4 Qg4 27.
Qd1 Qxd1+ 28. Rxd1 Nd5 29. Rdc1 f5 30. Nc3 Red7 31. Nxd5 Rxd5 32. b4 Kf7 33.
Kf1 Ke6 34. Ke2 Kd6 35. R1c2 Rf8 36. Rc1 g6 37. Rh1 h5 38. Rhc1 Rh8 39. f3 Re8
40. Kf2 Re7 41. a4 Re8 42. a5 Rh8 43. Rh1 g5 44. f4 gxf4 45. gxf4 Ke6 46. Rhc1
Rg8 47. Rh1 Rh8 48. Rhc1 h4 49. Rh1 Rd7 50. Re5+ Kf6 51. Rh2 Rg7 52. Rc5 Rg3
53. Rxh4 Rxg2+ 54. Kxg2 Rxh4 55. d5 cxd5 56. Rxd5 Ke6 57. Re5+ Kf6 58. b5 Rh8
59. bxa6 bxa6 60. Rc5 Rg8+ 61. Kf2 Rg6 62. Rc6+ Kg7 63. Rc7+ Kg8 64. Rc8+ Kg7
65. Rc7+ Kg8 66. Rc8+ Kg7 67. Rc7+ 1/2-1/2

[Event "Kölner SK Dr. Lasker 1 - Elberfelder S"]
[Site "NRW-Liga - Gruppe 1 2021/2022"]
[Date "2021.11.28"]
[Round "2.4"]
[White "Pfeffer, Ruprecht"]
[Black "Volkov, Mykyta"]
[Result "1/2-1/2"]
[WhiteElo "2215"]
[BlackElo "2201"]
[PlyCount "90"]
[EventDate "2021.??.??"]
[SourceVersionDate "2020.03.16"]
[WhiteTeam "Kölner SK Dr. Lasker 1"]
[BlackTeam "Elberfelder SG 1"]

1. e4 e6 2. d4 d5 3. Nc3 Nf6 4. e5 Nfd7 5. f4 c5 6. Nf3 Nc6 7. Be3 Be7 8. dxc5
Nxc5 9. Be2 O-O 10. O-O a6 11. a3 Nd7 12. Nd4 Nxd4 13. Bxd4 f6 14. Bg4 Nb8 15.
exf6 Bxf6 16. Bxf6 Rxf6 17. Kh1 Nc6 18. Qd3 Qf8 19. Ne2 Ne5 20. Qg3 Nxg4 21.
Qxg4 e5 22. Qg3 Be6 23. Qe3 Re8 24. Kg1 exf4 25. Nxf4 Bf7 26. Qd2 Qc5+ 27. Rf2
Qb6 28. c3 Re4 29. g3 d4 30. Re1 dxc3 31. Qxc3 Rxe1+ 32. Qxe1 h6 33. Nd3 Qd4
34. Nf4 g5 35. Ng2 Re6 36. Qd2 Rd6 37. Qxd4 Rxd4 38. Rc2 Rd3 39. Kf2 Rb3 40.
Ne3 Kg7 41. Nf5+ Kg6 42. Nd4 Rd3 43. Nf3 Kf6 44. Rd2 Rxd2+ 45. Nxd2 Bd5 1/2-1/2

[Event "Kölner SK Dr. Lasker 1 - Elberfelder S"]
[Site "NRW-Liga - Gruppe 1 2021/2022"]
[Date "2021.11.28"]
[Round "2.5"]
[White "Noetzel, Frank"]
[Black "Cramer, Volker"]
[Result "1/2-1/2"]
[WhiteElo "2219"]
[BlackElo "2082"]
[PlyCount "31"]
[EventDate "2021.??.??"]
[SourceVersionDate "2020.03.16"]
[WhiteTeam "Elberfelder SG 1"]
[BlackTeam "Kölner SK Dr. Lasker 1"]

1. e4 e6 2. d4 d5 3. Nc3 Nf6 4. Bg5 Be7 5. e5 Nfd7 6. Bxe7 Qxe7 7. f4 a6 8. Nf3
c5 9. dxc5 Nc6 10. Qd2 Nxc5 11. O-O-O b5 12. Bd3 b4 13. Ne2 a5 14. Ned4 Nxd4
15. Nxd4 Ba6 16. Bxa6 1/2-1/2

[Event "Kölner SK Dr. Lasker 1 - Elberfelder S"]
[Site "NRW-Liga - Gruppe 1 2021/2022"]
[Date "2021.11.28"]
[Round "2.6"]
[White "Wiekert, Martin"]
[Black "Kurr, Gerd"]
[Result "0-1"]
[WhiteElo "2289"]
[BlackElo "2124"]
[PlyCount "102"]
[EventDate "2021.??.??"]
[SourceVersionDate "2020.03.16"]
[WhiteTeam "Kölner SK Dr. Lasker 1"]
[BlackTeam "Elberfelder SG 1"]

1. d4 Nf6 2. Nc3 d5 3. Bf4 c6 4. e3 Bf5 5. f3 e6 6. g4 Bg6 7. h4 h5 8. g5 Nfd7
9. Bd3 Bxd3 10. Qxd3 Qa5 11. Nge2 Qa6 12. a3 Qxd3 13. cxd3 g6 14. Kf2 Be7 15.
Rhc1 O-O 16. e4 a5 17. Ng3 f6 18. exd5 fxg5 19. Bxg5 Bxg5 20. hxg5 exd5 21. Re1
Na6 22. Re6 Kg7 23. Rae1 Nc7 24. Rd6 Rf7 25. Kg2 Re8 26. Rxe8 Nxe8 27. Re6 Nc7
28. Re3 Nf8 29. Nge2 Nfe6 30. Re5 b5 31. Kg3 Kf8 32. Nd1 Ke7 33. Ne3 Kd6 34. f4
Ng7 35. Ng1 Nce6 36. Ne2 h4+ 37. Kg4 h3 38. Nf1 Nf5 39. Kxh3 Nfxd4 40. Kg3
Nxe2+ 41. Rxe2 Nxf4 42. Rh2 Nxd3 43. Ne3 Ne5 44. Re2 Rf3+ 45. Kg2 Rf4 46. Rd2
Re4 47. Nf1 Rg4+ 48. Ng3 Rxg5 49. Kh3 Rg4 50. Rf2 Rd4 51. Rf6+ Ke7 0-1

[Event "Kölner SK Dr. Lasker 1 - Elberfelder S"]
[Site "NRW-Liga - Gruppe 1 2021/2022"]
[Date "2021.11.28"]
[Round "2.7"]
[White "Tymura, Achim"]
[Black "Loseries, Uwe"]
[Result "0-1"]
[WhiteElo "2036"]
[BlackElo "2125"]
[PlyCount "54"]
[EventDate "2021.??.??"]
[SourceVersionDate "2020.03.16"]
[WhiteTeam "Elberfelder SG 1"]
[BlackTeam "Kölner SK Dr. Lasker 1"]

1. d4 Nf6 2. c4 g6 3. Nc3 Bg7 4. e4 d6 5. Nf3 O-O 6. Be2 e5 7. d5 a5 8. Bg5 h6
9. Bh4 Na6 10. Nd2 Bd7 11. b3 Qc8 12. a3 Nh7 13. f3 f5 14. Qb1 Bf6 15. Bf2 Bg5
16. Nf1 h5 17. Bd3 Nf6 18. h4 Bf4 19. b4 axb4 20. axb4 Nxb4 21. Rxa8 Nxd3+ 22.
Qxd3 Qxa8 23. Ne3 fxe4 24. Qc2 Kg7 25. Nxe4 Nxe4 26. fxe4 Qa1+ 27. Nd1 Ba4 0-1

[Event "Kölner SK Dr. Lasker 1 - Elberfelder S"]
[Site "NRW-Liga - Gruppe 1 2021/2022"]
[Date "2021.11.28"]
[Round "2.8"]
[White "Di Franco, Patrizio"]
[Black "Werbeck, Torsten"]
[Result "1/2-1/2"]
[WhiteElo "2049"]
[BlackElo "1975"]
[PlyCount "28"]
[EventDate "2021.??.??"]
[SourceVersionDate "2020.03.16"]
[WhiteTeam "Kölner SK Dr. Lasker 1"]
[BlackTeam "Elberfelder SG 1"]

1. d4 Nf6 2. c4 c5 3. d5 b5 4. cxb5 a6 5. Nc3 axb5 6. e4 b4 7. Nb5 d6 8. a4 g6
9. e5 dxe5 10. d6 exd6 11. Bg5 Be7 12. Bxf6 Bxf6 13. Nxd6+ Ke7 14. Nxc8+ Qxc8
1/2-1/2

[Event "SG Niederkassel 1 - Kölner SK Dr. Lask"]
[Site "NRW-Liga - Gruppe 1 2021/2022"]
[Date "2021.12.12"]
[Round "3.1"]
[White "Lindam, Ingo"]
[Black "Rybarczyk, Klaus"]
[Result "1/2-1/2"]
[WhiteElo "2146"]
[BlackElo "2196"]
[PlyCount "94"]
[EventDate "2021.??.??"]
[SourceVersionDate "2020.03.16"]
[WhiteTeam "Kölner SK Dr. Lasker 1"]
[BlackTeam "SG Niederkassel 1"]

1. d4 Nf6 2. Bg5 Ne4 3. h4 c5 4. d5 d6 5. Nd2 Nxg5 6. hxg5 e5 7. Ngf3 Be7 8.
Ne4 Bf5 9. Ng3 Bg6 10. e4 Bxg5 11. Bb5+ Kf8 12. Nxg5 Qxg5 13. a4 Qf4 14. Qe2 a6
15. Bc4 Nd7 16. Ra3 Nb6 17. O-O Nd7 18. Rf3 Qg5 19. Rb3 Rb8 20. a5 h5 21. Qe3
Qd8 22. Ra1 Nf6 23. Rb6 h4 24. Nf5 Bxf5 25. exf5 Rh5 26. Qh3 Rh6 27. Ra3 Nd7
28. Rbb3 Qg5 29. Ra1 Ke7 30. Rf1 Qf4 31. Be2 Nf6 32. Bxa6 Qa4 33. Bxb7 Qxa5 34.
f4 c4 35. fxe5 cxb3 36. exf6+ gxf6 37. Qe3+ Kd7 38. Bc6+ Kc7 39. Qxh6 Qc5+ 40.
Kh2 bxc2 41. Qc1 h3 42. gxh3 Qc4 43. Re1 Qd3 44. Re7+ Kc8 45. Re8+ Kc7 46. Re7+
Kc8 47. Re8+ Kc7 1/2-1/2

[Event "SG Niederkassel 1 - Kölner SK Dr. Lask"]
[Site "NRW-Liga - Gruppe 1 2021/2022"]
[Date "2021.12.12"]
[Round "3.2"]
[White "Lamprecht, Mark"]
[Black "Nagel, Bernhard"]
[Result "1/2-1/2"]
[WhiteElo "2157"]
[BlackElo "2141"]
[PlyCount "35"]
[EventDate "2021.??.??"]
[SourceVersionDate "2020.03.16"]
[WhiteTeam "SG Niederkassel 1"]
[BlackTeam "Kölner SK Dr. Lasker 1"]

1. c4 e6 2. Nc3 d5 3. e3 Nf6 4. Nf3 Be7 5. Be2 dxc4 6. Qa4+ Bd7 7. Qxc4 c5 8.
O-O Nc6 9. b3 Qb6 10. Bb2 Qb4 11. Rfd1 O-O 12. d4 cxd4 13. Nxd4 Qxc4 14. Bxc4
Nxd4 15. Rxd4 Bc6 16. Rad1 Rfd8 17. Rxd8+ Rxd8 18. Rxd8+ 1/2-1/2

[Event "SG Niederkassel 1 - Kölner SK Dr. Lask"]
[Site "NRW-Liga - Gruppe 1 2021/2022"]
[Date "2021.12.12"]
[Round "3.3"]
[White "Pawelzik, Malte"]
[Black "Stanetzek, Carsten"]
[Result "1/2-1/2"]
[WhiteElo "2152"]
[BlackElo "2141"]
[PlyCount "89"]
[EventDate "2021.??.??"]
[SourceVersionDate "2020.03.16"]
[WhiteTeam "Kölner SK Dr. Lasker 1"]
[BlackTeam "SG Niederkassel 1"]

1. e4 e5 2. Nf3 Nc6 3. Bb5 Nf6 4. O-O Nxe4 5. d4 Nd6 6. Bxc6 dxc6 7. dxe5 Nf5
8. Qxd8+ Kxd8 9. h3 Be7 10. Nc3 Ke8 11. Bf4 Nh4 12. Nxh4 Bxh4 13. Rad1 h5 14.
Rfe1 Be6 15. Ne4 Be7 16. Ng5 Rd8 17. Nxe6 fxe6 18. Rxd8+ Kxd8 19. Be3 b6 20. g4
hxg4 21. hxg4 Ke8 22. Rd1 Rh4 23. f3 Rh3 24. Kg2 Rh4 25. b3 Rh8 26. c4 c5 27.
Rh1 Rf8 28. f4 Kf7 29. Kf3 Rd8 30. Ke4 c6 31. f5 Bf8 32. Rf1 Be7 33. Rh1 Bf8
34. g5 exf5+ 35. Kxf5 g6+ 36. Ke4 Bg7 37. Rh7 Rd7 38. Bc1 Ke6 39. Bb2 Rf7 40.
Bc3 a6 41. a4 Rd7 42. Rh1 Rd8 43. Rh7 Rd7 44. Rh1 Rd8 45. Rh7 1/2-1/2

[Event "SG Niederkassel 1 - Kölner SK Dr. Lask"]
[Site "NRW-Liga - Gruppe 1 2021/2022"]
[Date "2021.12.12"]
[Round "3.4"]
[White "Kaeser, Udo"]
[Black "Pfeffer, Ruprecht"]
[Result "1/2-1/2"]
[WhiteElo "2267"]
[BlackElo "2215"]
[PlyCount "34"]
[EventDate "2021.??.??"]
[SourceVersionDate "2020.03.16"]
[WhiteTeam "SG Niederkassel 1"]
[BlackTeam "Kölner SK Dr. Lasker 1"]

1. e4 c5 2. Nf3 Nc6 3. d4 cxd4 4. Nxd4 e6 5. g3 Qc7 6. Bg2 a6 7. O-O Nf6 8. c4
Be7 9. Nc3 O-O 10. b3 d6 11. Bb2 Bd7 12. Rc1 Qb6 13. Nde2 Rfd8 14. h3 Rac8 15.
Qd2 Qa5 16. Qe3 b5 17. cxb5 axb5 1/2-1/2

[Event "SG Niederkassel 1 - Kölner SK Dr. Lask"]
[Site "NRW-Liga - Gruppe 1 2021/2022"]
[Date "2021.12.12"]
[Round "3.5"]
[White "Bussard, Christian"]
[Black "Broehl, Stephan"]
[Result "1/2-1/2"]
[WhiteElo "2234"]
[BlackElo "2088"]
[PlyCount "45"]
[EventDate "2021.??.??"]
[SourceVersionDate "2020.03.16"]
[WhiteTeam "Kölner SK Dr. Lasker 1"]
[BlackTeam "SG Niederkassel 1"]

1. b3 d5 2. Bb2 Nf6 3. Nf3 Bf5 4. d3 e6 5. Nbd2 h6 6. g3 Be7 7. Bg2 O-O 8. O-O
a5 9. Ne5 a4 10. bxa4 Rxa4 11. c4 Ra6 12. Qc2 Nbd7 13. Nxd7 Qxd7 14. cxd5 exd5
15. Nb3 Rc6 16. Qd2 Bh3 17. Rfc1 Rxc1+ 18. Rxc1 Bxg2 19. Kxg2 b6 20. Bxf6 Bxf6
21. d4 Be7 22. Qc3 Bd6 23. Qc6 1/2-1/2

[Event "SG Niederkassel 1 - Kölner SK Dr. Lask"]
[Site "NRW-Liga - Gruppe 1 2021/2022"]
[Date "2021.12.12"]
[Round "3.6"]
[White "Ekat, Michael"]
[Black "Cramer, Volker"]
[Result "1/2-1/2"]
[WhiteElo "1955"]
[BlackElo "2082"]
[PlyCount "82"]
[EventDate "2021.??.??"]
[SourceVersionDate "2020.03.16"]
[WhiteTeam "SG Niederkassel 1"]
[BlackTeam "Kölner SK Dr. Lasker 1"]

1. d4 e6 2. Nc3 d5 3. Bf4 c5 4. e3 a6 5. dxc5 Bxc5 6. Nf3 Nc6 7. Bd3 Nf6 8. g4
d4 9. Ne4 dxe3 10. Nxc5 Nd5 11. Bxe3 Nxe3 12. fxe3 Qa5+ 13. Qd2 Qxc5 14. O-O-O
Qd5 15. e4 Qxa2 16. Qc3 Qa1+ 17. Kd2 Qa5 18. Qxa5 Nxa5 19. e5 Bd7 20. Rhf1 h6
21. Ke3 Ke7 22. g5 hxg5 23. Nxg5 Be8 24. Rf2 Nc6 25. Nf3 Rd8 26. Rg1 g6 27. Be4
Rh5 28. Bxc6 Bxc6 29. Ng5 Rf8 30. c3 Rh4 31. Rgf1 Be8 32. h3 Rh5 33. Rg1 Bc6
34. Rf6 Be8 35. Rg4 Rfh8 36. Rff4 Rf8 37. Rf6 Rfh8 38. Rff4 R5h6 39. Kf2 Rf8
40. Rf6 Rh5 41. h4 Rfh8 1/2-1/2

[Event "SG Niederkassel 1 - Kölner SK Dr. Lask"]
[Site "NRW-Liga - Gruppe 1 2021/2022"]
[Date "2021.12.12"]
[Round "3.7"]
[White "Loseries, Uwe"]
[Black "Kuhn, Andreas"]
[Result "1-0"]
[WhiteElo "2125"]
[BlackElo "1942"]
[PlyCount "79"]
[EventDate "2021.??.??"]
[SourceVersionDate "2020.03.16"]
[WhiteTeam "Kölner SK Dr. Lasker 1"]
[BlackTeam "SG Niederkassel 1"]

1. d4 Nf6 2. c4 e6 3. Nf3 Bb4+ 4. Nbd2 b6 5. e3 Bb7 6. Bd3 O-O 7. O-O Bxd2 8.
Bxd2 Ne4 9. Qc2 f5 10. Be1 d6 11. Nd2 Nxd2 12. Bxd2 Nd7 13. b4 Nf6 14. a4 Be4
15. f3 Bxd3 16. Qxd3 Qd7 17. Rfd1 Rfd8 18. Be1 Re8 19. Bh4 Rf8 20. a5 d5 21.
Bxf6 Rxf6 22. axb6 cxb6 23. c5 bxc5 24. bxc5 f4 25. Ra6 fxe3 26. Qxe3 e5 27.
Rda1 Rxa6 28. Rxa6 exd4 29. Qxd4 Qb7 30. Rd6 Qb1+ 31. Kf2 Qc2+ 32. Kg3 Qc4 33.
Qe3 Rf8 34. Qe6+ Kh8 35. Qf7 Rc8 36. Rxd5 Qc2 37. Rg5 Qc3 38. Qe6 Rf8 39. Rf5
Rg8 40. c6 1-0

[Event "SG Niederkassel 1 - Kölner SK Dr. Lask"]
[Site "NRW-Liga - Gruppe 1 2021/2022"]
[Date "2021.12.12"]
[Round "3.8"]
[White "Neu, Martin"]
[Black "Di Franco, Patrizio"]
[Result "0-1"]
[WhiteElo "1643"]
[BlackElo "2049"]
[Annotator "daniel"]
[PlyCount "100"]
[EventDate "2021.??.??"]
[SourceVersionDate "2020.03.16"]
[WhiteTeam "SG Niederkassel 1"]
[BlackTeam "Kölner SK Dr. Lasker 1"]

1. Nf3 g6 2. g3 Bg7 3. d4 Nf6 4. Bg2 O-O 5. O-O c6 6. c4 d6 7. b3 Bf5 8. Bb2
Qc8 9. Nc3 Bh3 10. e4 Bxg2 11. Kxg2 Nfd7 12. Qc2 a6 13. Rac1 b5 14. cxb5 axb5
15. Nxb5 Rxa2 16. Na3 Qb7 17. Rcd1 Na6 18. Rfe1 c5 19. Re3 cxd4 20. Nxd4 Ndc5
21. Qb1 Nb4 22. Kg1 Ne6 23. Nc4 $11 Rxb2 24. Qxb2 Nxd4 25. Qb1 Rb8 26. Rc1 Bh6
27. f4 Bg7 28. Kf1 Qa7 29. Rd1 Ne6 30. Re2 Nd4 31. Re3 Nbc6 32. Red3 Qa6 33.
Qa1 Qxa1 34. Rxa1 Nxb3 35. Rb1 Ncd4 36. e5 dxe5 37. fxe5 Rc8 38. Nb6 Rb8 39.
Nd7 Nd2+ 40. Rxd2 Rxb1+ 41. Kf2 Ne6 42. Kf3 Rb7 43. h4 h5 44. Rd3 Rb5 45. g4
hxg4+ 46. Kxg4 Bxe5 47. Re3 Bd6 48. Re2 Kg7 49. Re3 Rb4+ 50. Kh3 Nf4+ 0-1

[Event "SF Essen-Werden 1 - Langenfelder SF 1"]
[Site "NRW-Liga - Gruppe 1 2021/2022"]
[Date "2021.12.12"]
[Round "3.1"]
[White "Rechmann, Peter"]
[Black "Kauch, Markus"]
[Result "1/2-1/2"]
[WhiteElo "2244"]
[BlackElo "2142"]
[PlyCount "52"]
[EventDate "2021.??.??"]
[SourceVersionDate "2020.03.16"]
[WhiteTeam "Langenfelder SF 1"]
[BlackTeam "SF Essen-Werden 1"]

1. c4 c6 2. Nf3 d5 3. e3 Nf6 4. Nc3 a6 5. d4 b5 6. b3 Bg4 7. Be2 Nbd7 8. Ne5
Bxe2 9. Nxe2 Nxe5 10. dxe5 Ne4 11. O-O e6 12. Qc2 Qb6 13. Bb2 Be7 14. cxd5 exd5
15. Nd4 c5 16. Nf5 Bf8 17. f3 Ng5 18. f4 Ne4 19. Rad1 Rd8 20. Qe2 g6 21. Ng3
Nxg3 22. hxg3 Bg7 23. e6 Bxb2 24. Qxb2 Rf8 25. exf7+ Kxf7 26. f5 Kg8 1/2-1/2

[Event "SF Essen-Werden 1 - Langenfelder SF 1"]
[Site "NRW-Liga - Gruppe 1 2021/2022"]
[Date "2021.12.12"]
[Round "3.2"]
[White "Roth, Markus"]
[Black "Stoeber, Michael"]
[Result "0-1"]
[WhiteElo "2170"]
[BlackElo "2180"]
[PlyCount "46"]
[EventDate "2021.??.??"]
[SourceVersionDate "2020.03.16"]
[WhiteTeam "SF Essen-Werden 1"]
[BlackTeam "Langenfelder SF 1"]

1. Nf3 g6 2. d4 Nf6 3. g3 Bg7 4. Bg2 O-O 5. c4 d6 6. O-O c6 7. Nc3 Qa5 8. h3
Be6 9. Qd3 Qa6 10. b3 d5 11. Ne5 dxc4 12. Nxc4 Rd8 13. Rd1 Nbd7 14. Nb2 Nc5 15.
Qxa6 Nxa6 16. Be3 Nb4 17. Rac1 Nxa2 18. Nxa2 Bxb3 19. Nb4 Bxd1 20. Nxd1 Nd5 21.
Nxd5 cxd5 22. Rc7 e6 23. Rxb7 Rdb8 0-1

[Event "SF Essen-Werden 1 - Langenfelder SF 1"]
[Site "NRW-Liga - Gruppe 1 2021/2022"]
[Date "2021.12.12"]
[Round "3.3"]
[White "Kurth, Justus"]
[Black "Berger, Konstantin"]
[Result "1/2-1/2"]
[WhiteElo "2205"]
[BlackElo "2090"]
[PlyCount "43"]
[EventDate "2021.??.??"]
[SourceVersionDate "2020.03.16"]
[WhiteTeam "Langenfelder SF 1"]
[BlackTeam "SF Essen-Werden 1"]

1. Nf3 c5 2. c4 Nc6 3. d4 cxd4 4. Nxd4 Nf6 5. g3 Qb6 6. Nc2 Ng4 7. e3 d6 8. Nc3
Nge5 9. Nd5 Qd8 10. f4 Bg4 11. Be2 Bxe2 12. Qxe2 Nd7 13. b3 e6 14. Nc3 Be7 15.
O-O a6 16. Bb2 Qc7 17. Rac1 h5 18. Ne1 Nf6 19. Nf3 Rd8 20. Rfd1 Qb6 21. Na4 Qa7
22. Nd4 1/2-1/2

[Event "SF Essen-Werden 1 - Langenfelder SF 1"]
[Site "NRW-Liga - Gruppe 1 2021/2022"]
[Date "2021.12.12"]
[Round "3.4"]
[White "ter Steeg, Marcus"]
[Black "Pejkovic, Patrick Slavko"]
[Result "0-1"]
[WhiteElo "1992"]
[BlackElo "2058"]
[PlyCount "126"]
[EventDate "2021.??.??"]
[SourceVersionDate "2020.03.16"]
[WhiteTeam "SF Essen-Werden 1"]
[BlackTeam "Langenfelder SF 1"]

1. d4 g6 2. c4 c5 3. d5 a6 4. e4 Bg7 5. Nf3 d6 6. h3 Nf6 7. Nc3 O-O 8. Bd3 b5
9. cxb5 axb5 10. Nxb5 Ba6 11. Nc3 Nbd7 12. O-O Qb6 13. Qe2 Rfb8 14. Re1 Ne8 15.
Bxa6 Qxa6 16. Bg5 Qxe2 17. Rxe2 Kf8 18. Bc1 Nc7 19. a4 Na6 20. Nb5 Nb4 21. Ra3
Nb6 22. b3 Nd3 23. Be3 Nxd5 24. exd5 Rxb5 25. Nd2 Rb7 26. Nc4 Nb4 27. Rd2 Bc3
28. Rd1 Nc2 29. Bh6+ Bg7 30. Bxg7+ Kxg7 31. Ra2 Nd4 32. Rb2 Rxb3 33. Rxb3 Nxb3
34. Rb1 Rxa4 35. Nxd6 exd6 36. Rxb3 Ra1+ 37. Kh2 Rd1 38. Rb7 Rxd5 39. Rc7 Kf6
40. g4 h5 41. Kg3 Rd3+ 42. f3 h4+ 43. Kf4 g5+ 44. Ke4 Rd4+ 45. Ke3 Ke6 46. Ra7
f6 47. Rc7 Ra4 48. Rc8 Ra3+ 49. Ke2 Ra2+ 50. Kd3 Rh2 51. Ke4 Rxh3 52. Re8+ Kf7
53. Rh8 d5+ 54. Ke3 Ke7 55. Rc8 c4 56. Rc6 Rh2 57. f4 Rh3+ 58. Kd4 Rd3+ 59. Kc5
gxf4 60. Rc7+ Ke6 61. Rh7 c3 62. Kb4 h3 63. Rh6 c2 0-1

[Event "SF Essen-Werden 1 - Langenfelder SF 1"]
[Site "NRW-Liga - Gruppe 1 2021/2022"]
[Date "2021.12.12"]
[Round "3.5"]
[White "Reinemer, Frank"]
[Black "Huette, Stefan"]
[Result "1-0"]
[WhiteElo "2083"]
[BlackElo "2008"]
[PlyCount "111"]
[EventDate "2021.??.??"]
[SourceVersionDate "2020.03.16"]
[WhiteTeam "Langenfelder SF 1"]
[BlackTeam "SF Essen-Werden 1"]

1. d4 e6 2. c4 Nf6 3. Nc3 d5 4. Bg5 Nbd7 5. cxd5 exd5 6. e3 c6 7. Qc2 Qa5 8.
Bd3 Bd6 9. Nf3 h6 10. Bh4 O-O 11. O-O Re8 12. Rfc1 Be7 13. a3 Qd8 14. Bg3 a6
15. b4 Bf8 16. h3 b5 17. Nb1 Bb7 18. Nbd2 Nb6 19. Nb3 Nc4 20. Nc5 Bxc5 21. dxc5
a5 22. Nd4 axb4 23. axb4 Ne4 24. Bxe4 Rxe4 25. Qc3 Ra4 26. Bf4 Qf6 27. Rc2 Re8
28. Rca2 Rea8 29. Qc2 Rxa2 30. Rxa2 Qd8 31. Nf5 f6 32. Rxa8 Qxa8 33. Nxh6+ Kf8
34. Qg6 gxh6 35. Qxf6+ Ke8 36. Bxh6 Qd8 37. Qg6+ Kd7 38. Qf5+ Ke8 39. Qh5+ Kd7
40. Qg4+ Ke8 41. Qg6+ Kd7 42. Bg5 Qe8 43. Qg7+ Kc8 44. Bf4 Qd7 45. Qa1 Qe7 46.
h4 Kd7 47. h5 Qh7 48. Qa7 Ke6 49. h6 Qb1+ 50. Kh2 Qf5 51. Qxb7 Qh5+ 52. Kg3
Qg6+ 53. Kh4 Ne5 54. Qc8+ Ke7 55. Bg5+ Kf7 56. Qc7+ 1-0

[Event "SF Essen-Werden 1 - Langenfelder SF 1"]
[Site "NRW-Liga - Gruppe 1 2021/2022"]
[Date "2021.12.12"]
[Round "3.6"]
[White "Claussen, Uwe"]
[Black "Wolfradt, Dirk"]
[Result "1/2-1/2"]
[WhiteElo "1973"]
[BlackElo "2040"]
[PlyCount "51"]
[EventDate "2021.??.??"]
[SourceVersionDate "2020.03.16"]
[WhiteTeam "SF Essen-Werden 1"]
[BlackTeam "Langenfelder SF 1"]

1. d4 Nf6 2. Nf3 e6 3. e3 b6 4. Nbd2 Bb7 5. Bd3 Be7 6. b3 O-O 7. Bb2 h6 8. O-O
a5 9. a3 a4 10. b4 d5 11. Ne5 Nfd7 12. f4 c5 13. c3 c4 14. Bc2 b5 15. Rf3 Nxe5
16. fxe5 f5 17. exf6 Bxf6 18. Rg3 e5 19. dxe5 Bxe5 20. Qg4 Bxg3 21. Qe6+ Kh8
22. Qg6 Bf2+ 23. Kh1 Kg8 24. Qe6+ Kh8 25. Qg6 Kg8 26. Qe6+ 1/2-1/2

[Event "SF Essen-Werden 1 - Langenfelder SF 1"]
[Site "NRW-Liga - Gruppe 1 2021/2022"]
[Date "2021.12.12"]
[Round "3.7"]
[White "Keller, Karsten"]
[Black "Rehfeldt, Jens"]
[Result "1-0"]
[WhiteElo "2114"]
[BlackElo "1977"]
[PlyCount "59"]
[EventDate "2021.??.??"]
[SourceVersionDate "2020.03.16"]
[WhiteTeam "Langenfelder SF 1"]
[BlackTeam "SF Essen-Werden 1"]

1. Nf3 d5 2. d4 Nc6 3. c4 e5 4. Nxe5 Nxe5 5. dxe5 d4 6. Nd2 Ne7 7. Nf3 Nc6 8.
g3 Bc5 9. Bg2 O-O 10. O-O Re8 11. Bg5 Qd7 12. Bf4 h6 13. a3 a5 14. Qd2 Qe7 15.
h4 Bg4 16. Nh2 Bd7 17. Rfe1 a4 18. e3 dxe3 19. Bxe3 Nxe5 20. Bxc5 Qxc5 21. Rxe5
Rxe5 22. Qxd7 Re2 23. Ng4 Rxb2 24. Bd5 Rf8 25. Nf6+ gxf6 26. Qf5 b6 27. Qg6+
Kh8 28. Qxh6+ Kg8 29. Qg6+ Kh8 30. Qxf6+ 1-0

[Event "SF Essen-Werden 1 - Langenfelder SF 1"]
[Site "NRW-Liga - Gruppe 1 2021/2022"]
[Date "2021.12.12"]
[Round "3.8"]
[White "Mann, Gergely"]
[Black "Hendrichs, Udo"]
[Result "1/2-1/2"]
[WhiteElo "1823"]
[BlackElo "1898"]
[PlyCount "80"]
[EventDate "2021.??.??"]
[SourceVersionDate "2020.03.16"]
[WhiteTeam "SF Essen-Werden 1"]
[BlackTeam "Langenfelder SF 1"]

1. d4 e6 2. Nf3 d5 3. Bf4 f5 4. e3 Nf6 5. Nbd2 Be7 6. h3 Ne4 7. Nxe4 fxe4 8.
Ne5 O-O 9. Be2 Nd7 10. O-O Nxe5 11. Bxe5 Bd6 12. Bxd6 Qxd6 13. f4 exf3 14. Bxf3
Bd7 15. Qd3 a6 16. b3 Qg3 17. e4 Qg5 18. Rae1 Rae8 19. Qe3 Qg6 20. c4 dxc4 21.
bxc4 e5 22. Kh1 exd4 23. Qxd4 Bc6 24. Qc5 Qg3 25. Qf2 Qe5 26. Qc2 Rf4 27. Qb3
Kh8 28. Qd3 Rf6 29. Rd1 Rd6 30. Qc2 Rf6 31. Rfe1 h6 32. Re2 Qg3 33. Rd3 Qf4 34.
e5 Rfe6 35. Bxc6 bxc6 36. Rf3 Qd4 37. Rf5 Kg8 38. Qe4 Qxe4 39. Rxe4 g6 40. Rf3
Kg7 1/2-1/2